000
00287nam a2200133Ia 4500
100
_a
Tayal/ A.K
942
_c
BK
654
_a
Mechanics
245
_a
Engineering Mechanics:Statics and Dynamics
260
_b
Umesh
_c
2000
082
_a
620.2
_b
TAY
300
_a
688
546
_a
ENGLISH
999
_c
23814
_d
23814